<?xml version="1.0" encoding="UTF-8"?>
<record
    xmlns:xsi="http://www.w3.org/2001/XMLSchema-instance"
    xsi:schemaLocation="http://www.loc.gov/MARC21/slim http://www.loc.gov/standards/marcxml/schema/MARC21slim.xsd"
    xmlns="http://www.loc.gov/MARC21/slim">

  <leader>00596nam a2200205   4500</leader>
  <datafield tag="999" ind1=" " ind2=" ">
    <subfield code="c">124982</subfield>
    <subfield code="d">124982</subfield>
  </datafield>
  <controlfield tag="005">20211217095005.0</controlfield>
  <controlfield tag="008">211217b           ||||| |||| 00| 0 eng d</controlfield>
  <datafield tag="020" ind1=" " ind2=" ">
    <subfield code="a">9781119382928</subfield>
  </datafield>
  <datafield tag="040" ind1=" " ind2=" ">
    <subfield code="c">PK-LaUMT</subfield>
  </datafield>
  <datafield tag="082" ind1=" " ind2=" ">
    <subfield code="a">612</subfield>
    <subfield code="b">TOR-T</subfield>
  </datafield>
  <datafield tag="100" ind1=" " ind2=" ">
    <subfield code="a">Tortora, Gerard J.</subfield>
  </datafield>
  <datafield tag="245" ind1=" " ind2=" ">
    <subfield code="a">Tortora's principles of anatomy  physiology /</subfield>
    <subfield code="c">by Gerard J. Tortora and Bryan Derrickson</subfield>
  </datafield>
  <datafield tag="250" ind1=" " ind2=" ">
    <subfield code="a">Global ed.</subfield>
  </datafield>
  <datafield tag="260" ind1=" " ind2=" ">
    <subfield code="a">Singapore :</subfield>
    <subfield code="b">John Wiley,</subfield>
    <subfield code="c">2017</subfield>
  </datafield>
  <datafield tag="300" ind1=" " ind2=" ">
    <subfield code="a">989 p.</subfield>
    <subfield code="e">Study guide   195 p.</subfield>
  </datafield>
  <datafield tag="650" ind1=" " ind2=" ">
    <subfield code="a">Human anatomy</subfield>
  </datafield>
  <datafield tag="650" ind1=" " ind2=" ">
    <subfield code="a">Human physiology</subfield>
  </datafield>
  <datafield tag="650" ind1=" " ind2=" ">
    <subfield code="a">Humans physiology</subfield>
  </datafield>
  <datafield tag="942" ind1=" " ind2=" ">
    <subfield code="c">BK</subfield>
  </datafield>
  <datafield tag="952" ind1=" " ind2=" ">
    <subfield code="0">0</subfield>
    <subfield code="1">0</subfield>
    <subfield code="4">0</subfield>
    <subfield code="7">0</subfield>
    <subfield code="a">HSC</subfield>
    <subfield code="b">HSC</subfield>
    <subfield code="d">2021-12-17</subfield>
    <subfield code="l">0</subfield>
    <subfield code="o">612 TOR-T</subfield>
    <subfield code="p">140271</subfield>
    <subfield code="r">2021-12-17 00:00:00</subfield>
    <subfield code="w">2021-12-17</subfield>
    <subfield code="y">BK</subfield>
  </datafield>
  <datafield tag="952" ind1=" " ind2=" ">
    <subfield code="0">0</subfield>
    <subfield code="1">0</subfield>
    <subfield code="4">0</subfield>
    <subfield code="7">0</subfield>
    <subfield code="a">HSC</subfield>
    <subfield code="b">HSC</subfield>
    <subfield code="d">2021-12-17</subfield>
    <subfield code="l">0</subfield>
    <subfield code="o">612 TOR-T</subfield>
    <subfield code="p">140272</subfield>
    <subfield code="r">2021-12-17 00:00:00</subfield>
    <subfield code="t">C.2</subfield>
    <subfield code="w">2021-12-17</subfield>
    <subfield code="y">BK</subfield>
  </datafield>
  <datafield tag="952" ind1=" " ind2=" ">
    <subfield code="0">0</subfield>
    <subfield code="1">0</subfield>
    <subfield code="4">0</subfield>
    <subfield code="7">0</subfield>
    <subfield code="a">HSC</subfield>
    <subfield code="b">HSC</subfield>
    <subfield code="d">2021-12-17</subfield>
    <subfield code="l">0</subfield>
    <subfield code="o">612 TOR-T</subfield>
    <subfield code="p">140273</subfield>
    <subfield code="r">2021-12-17 00:00:00</subfield>
    <subfield code="t">C.3</subfield>
    <subfield code="w">2021-12-17</subfield>
    <subfield code="y">BK</subfield>
  </datafield>
  <datafield tag="952" ind1=" " ind2=" ">
    <subfield code="0">0</subfield>
    <subfield code="1">0</subfield>
    <subfield code="4">0</subfield>
    <subfield code="7">0</subfield>
    <subfield code="a">HSC</subfield>
    <subfield code="b">HSC</subfield>
    <subfield code="d">2021-12-17</subfield>
    <subfield code="l">1</subfield>
    <subfield code="o">612 TOR-T</subfield>
    <subfield code="p">140274</subfield>
    <subfield code="r">2023-01-06 00:00:00</subfield>
    <subfield code="s">2022-12-22</subfield>
    <subfield code="t">C.4</subfield>
    <subfield code="w">2021-12-17</subfield>
    <subfield code="y">BK</subfield>
  </datafield>
  <datafield tag="952" ind1=" " ind2=" ">
    <subfield code="0">0</subfield>
    <subfield code="1">0</subfield>
    <subfield code="4">0</subfield>
    <subfield code="7">0</subfield>
    <subfield code="a">HSC</subfield>
    <subfield code="b">HSC</subfield>
    <subfield code="d">2021-12-17</subfield>
    <subfield code="l">2</subfield>
    <subfield code="o">612 TOR-T</subfield>
    <subfield code="p">140275</subfield>
    <subfield code="r">2023-03-10 00:00:00</subfield>
    <subfield code="s">2023-02-22</subfield>
    <subfield code="t">C.5</subfield>
    <subfield code="w">2021-12-17</subfield>
    <subfield code="y">BK</subfield>
  </datafield>
  <datafield tag="952" ind1=" " ind2=" ">
    <subfield code="0">0</subfield>
    <subfield code="1">0</subfield>
    <subfield code="4">0</subfield>
    <subfield code="7">0</subfield>
    <subfield code="a">HSC</subfield>
    <subfield code="b">HSC</subfield>
    <subfield code="d">2021-12-17</subfield>
    <subfield code="l">0</subfield>
    <subfield code="o">612 TOR-T</subfield>
    <subfield code="p">140276</subfield>
    <subfield code="r">2021-12-17 00:00:00</subfield>
    <subfield code="t">C.6</subfield>
    <subfield code="w">2021-12-17</subfield>
    <subfield code="y">BK</subfield>
  </datafield>
  <datafield tag="952" ind1=" " ind2=" ">
    <subfield code="0">0</subfield>
    <subfield code="1">0</subfield>
    <subfield code="4">0</subfield>
    <subfield code="7">0</subfield>
    <subfield code="a">HSC</subfield>
    <subfield code="b">HSC</subfield>
    <subfield code="d">2021-12-17</subfield>
    <subfield code="l">0</subfield>
    <subfield code="o">612 TOR-T</subfield>
    <subfield code="p">140277</subfield>
    <subfield code="r">2021-12-17 00:00:00</subfield>
    <subfield code="t">C.7</subfield>
    <subfield code="w">2021-12-17</subfield>
    <subfield code="y">BK</subfield>
  </datafield>
  <datafield tag="952" ind1=" " ind2=" ">
    <subfield code="0">0</subfield>
    <subfield code="1">0</subfield>
    <subfield code="4">0</subfield>
    <subfield code="7">0</subfield>
    <subfield code="a">HSC</subfield>
    <subfield code="b">HSC</subfield>
    <subfield code="d">2021-12-17</subfield>
    <subfield code="l">0</subfield>
    <subfield code="o">612 TOR-T</subfield>
    <subfield code="p">140278</subfield>
    <subfield code="r">2021-12-17 00:00:00</subfield>
    <subfield code="t">C.8</subfield>
    <subfield code="w">2021-12-17</subfield>
    <subfield code="y">BK</subfield>
  </datafield>
  <datafield tag="952" ind1=" " ind2=" ">
    <subfield code="0">0</subfield>
    <subfield code="1">0</subfield>
    <subfield code="4">0</subfield>
    <subfield code="7">0</subfield>
    <subfield code="a">HSC</subfield>
    <subfield code="b">HSC</subfield>
    <subfield code="d">2021-12-17</subfield>
    <subfield code="l">0</subfield>
    <subfield code="o">612 TOR-T</subfield>
    <subfield code="p">140271A</subfield>
    <subfield code="r">2021-12-17 00:00:00</subfield>
    <subfield code="w">2021-12-17</subfield>
    <subfield code="y">BK</subfield>
  </datafield>
  <datafield tag="952" ind1=" " ind2=" ">
    <subfield code="0">0</subfield>
    <subfield code="1">0</subfield>
    <subfield code="4">0</subfield>
    <subfield code="7">0</subfield>
    <subfield code="a">HSC</subfield>
    <subfield code="b">HSC</subfield>
    <subfield code="d">2021-12-17</subfield>
    <subfield code="l">1</subfield>
    <subfield code="o">612 TOR-T</subfield>
    <subfield code="p">140272A</subfield>
    <subfield code="r">2024-12-23 08:40:53</subfield>
    <subfield code="s">2024-11-25</subfield>
    <subfield code="t">C.2</subfield>
    <subfield code="w">2021-12-17</subfield>
    <subfield code="y">BK</subfield>
  </datafield>
  <datafield tag="952" ind1=" " ind2=" ">
    <subfield code="0">0</subfield>
    <subfield code="1">0</subfield>
    <subfield code="4">0</subfield>
    <subfield code="7">0</subfield>
    <subfield code="a">HSC</subfield>
    <subfield code="b">HSC</subfield>
    <subfield code="d">2021-12-17</subfield>
    <subfield code="l">8</subfield>
    <subfield code="o">612 TOR-T</subfield>
    <subfield code="p">140273A</subfield>
    <subfield code="r">2025-04-15 10:00:05</subfield>
    <subfield code="s">2025-04-03</subfield>
    <subfield code="t">C.3</subfield>
    <subfield code="w">2021-12-17</subfield>
    <subfield code="y">BK</subfield>
  </datafield>
  <datafield tag="952" ind1=" " ind2=" ">
    <subfield code="0">0</subfield>
    <subfield code="1">0</subfield>
    <subfield code="4">0</subfield>
    <subfield code="7">0</subfield>
    <subfield code="a">HSC</subfield>
    <subfield code="b">HSC</subfield>
    <subfield code="d">2021-12-17</subfield>
    <subfield code="l">0</subfield>
    <subfield code="o">612 TOR-T</subfield>
    <subfield code="p">140274A</subfield>
    <subfield code="r">2021-12-17 00:00:00</subfield>
    <subfield code="t">C.4</subfield>
    <subfield code="w">2021-12-17</subfield>
    <subfield code="y">BK</subfield>
  </datafield>
  <datafield tag="952" ind1=" " ind2=" ">
    <subfield code="0">0</subfield>
    <subfield code="1">0</subfield>
    <subfield code="4">0</subfield>
    <subfield code="7">0</subfield>
    <subfield code="a">HSC</subfield>
    <subfield code="b">HSC</subfield>
    <subfield code="d">2021-12-17</subfield>
    <subfield code="l">0</subfield>
    <subfield code="o">612 TOR-T</subfield>
    <subfield code="p">140275A</subfield>
    <subfield code="r">2021-12-17 00:00:00</subfield>
    <subfield code="t">C.5</subfield>
    <subfield code="w">2021-12-17</subfield>
    <subfield code="y">BK</subfield>
  </datafield>
  <datafield tag="952" ind1=" " ind2=" ">
    <subfield code="0">0</subfield>
    <subfield code="1">0</subfield>
    <subfield code="4">0</subfield>
    <subfield code="7">0</subfield>
    <subfield code="a">HSC</subfield>
    <subfield code="b">HSC</subfield>
    <subfield code="d">2021-12-17</subfield>
    <subfield code="l">0</subfield>
    <subfield code="o">612 TOR-T</subfield>
    <subfield code="p">140276A</subfield>
    <subfield code="r">2021-12-17 00:00:00</subfield>
    <subfield code="t">C.6</subfield>
    <subfield code="w">2021-12-17</subfield>
    <subfield code="y">BK</subfield>
  </datafield>
  <datafield tag="952" ind1=" " ind2=" ">
    <subfield code="0">0</subfield>
    <subfield code="1">0</subfield>
    <subfield code="4">0</subfield>
    <subfield code="7">0</subfield>
    <subfield code="a">HSC</subfield>
    <subfield code="b">HSC</subfield>
    <subfield code="d">2021-12-17</subfield>
    <subfield code="l">1</subfield>
    <subfield code="o">612 TOR-T</subfield>
    <subfield code="p">140277A</subfield>
    <subfield code="r">2023-12-13 00:00:00</subfield>
    <subfield code="s">2023-11-29</subfield>
    <subfield code="t">C.7</subfield>
    <subfield code="w">2021-12-17</subfield>
    <subfield code="y">BK</subfield>
  </datafield>
  <datafield tag="952" ind1=" " ind2=" ">
    <subfield code="0">0</subfield>
    <subfield code="1">0</subfield>
    <subfield code="4">0</subfield>
    <subfield code="7">0</subfield>
    <subfield code="a">HSC</subfield>
    <subfield code="b">HSC</subfield>
    <subfield code="d">2021-12-17</subfield>
    <subfield code="l">3</subfield>
    <subfield code="o">612 TOR-T</subfield>
    <subfield code="p">140278A</subfield>
    <subfield code="r">2025-02-07 10:08:19</subfield>
    <subfield code="s">2025-01-16</subfield>
    <subfield code="t">C.8</subfield>
    <subfield code="w">2021-12-17</subfield>
    <subfield code="y">BK</subfield>
  </datafield>
</record>
